[Event "Barcelona Sant Marti op 11th"]
[Site "Barcelona"]
[Date "2024.03.07"]
[Round "9"]
[White "Garcia Gonzalez, Juan"]
[Black "Vicente Perales, Manel"]
[Result "1/2-1/2"]
[WhiteElo "1520"]
[BlackElo "1281"]
[PlyCount "126"]
[EventDate "2024.01.11"]
[EventType "swiss"]
[EventRounds "9"]
[EventCountry "ESP"]
[SourceTitle "CB11_2024"]
[SourceDate "2024.03.13"]
[SourceVersion "1"]
[SourceVersionDate "2024.03.13"]
[SourceQuality "1"]

1. c4 e5 2. Nc3 Nc6 3. g3 f5 4. Bg2 Nf6 5. e3 Bc5 6. Nge2 d6 7. a3 0-0 8. 0-0 Qe8 9. b4 Bb6 10. d3 Nh5 11. Nd5 Qd8 12. Nec3 Nf6 13. a4 Nxd5 14. Nxd5 a5 15. b5 Ne7 16. Nxb6 cxb6 17. Bb2 Qc7 18. Rc1 Be6 19. Ba3 Rad8 20. Qe2 Ng6 21. f4 Qd7 22. Rfe1 Rfe8 23. Qf2 d5 24. c5 bxc5 25. Bxc5 Ra8 26. d4 e4 27. Rc2 Rec8 28. Rec1 Ne7 29. Qd2 Qd8 30. Bxe7 Qxe7 31. Rxc8+ Bxc8 32. Qc3 b6 33. Qc6 Rb8 34. Qxd5+ Kf8 35. Qb3 Bb7 36. Bf1 Qd6 37. Be2 Bd5 38. Qc3 Be6 39. Qb2 Rc8 40. Rxc8+ Bxc8 41. Kf1 Ke7 42. Ke1 Kd8 43. Bd1 Be6 44. Kd2 Kd7 45. Qc3 h6 46. Bb3 Bd5 47. Bxd5 Qxd5 48. Qb2 Qc4 49. Qa3 Qf7 50. Kc3 Kc7 51. Qb3 Qf8 52. Qc4+ Kb8 53. Kb3 g6 54. d5 Qd6 55. Qd4 h5 56. h4 Kc7 57. Qc4+ Kb8 58. Qd4 Kc7 59. Qg7+ Kb8 60. Qg8+ Kc7 61. Qf7+ Kb8 62. Qe8+ Ka7 63. Qf7+ Kb8 1/2-1/2

[Event "Barcelona Sant Marti op 11th"]
[Site "Barcelona"]
[Date "2024.02.15"]
[Round "6"]
[White "Vicente Perales, Manel"]
[Black "Garcia Garrido, Ferran"]
[Result "0-1"]
[WhiteElo "1281"]
[BlackElo "1681"]
[PlyCount "64"]
[EventDate "2024.01.11"]
[EventType "swiss"]
[EventRounds "9"]
[EventCountry "ESP"]
[SourceTitle "CB11_2024"]
[SourceDate "2024.03.13"]
[SourceVersion "1"]
[SourceVersionDate "2024.03.13"]
[SourceQuality "1"]

1. Nf3 c5 2. b3 e6 3. Bb2 Nf6 4. g3 Be7 5. Bg2 Nc6 6. d3 Qc7 7. c4 a6 8. Nbd2 0-0 9. 0-0 Rd8 10. Qc2 Nb4 11. Qc3 d5 12. Qc1 d4 13. a3 Nc6 14. Qc2 Rb8 15. e3 e5 16. exd4 Nxd4 17. Nxd4 exd4 18. Rfe1 Ng4 19. Nf3 Bf6 20. Bc1 Qb6 21. Bf4 Ra8 22. Re2 Be6 23. Rae1 Nh6 24. Bg5 Bxg5 25. Nxg5 Re8 26. Be4 g6 27. Bd5 Bd7 28. Re7 Qf6 29. Qd2 Rxe7 30. Ne4 Qg7 31. Qg5 Kf8 32. Qf4 f5 0-1

[Event "Barcelona Sant Marti op 10th"]
[Site "Barcelona"]
[Date "2023.02.23"]
[Round "7"]
[White "Menbrive Hernandez, Juan"]
[Black "Vicente Perales, Manel"]
[Result "0-1"]
[WhiteElo "1369"]
[BlackElo "1305"]
[PlyCount "77"]
[EventDate "2023.01.12"]
[EventType "swiss"]
[EventRounds "9"]
[EventCountry "ESP"]
[SourceTitle "CBM 213 Extra"]
[Source "ChessBase"]
[SourceDate "2023.05.31"]
[SourceVersion "1"]
[SourceVersionDate "2023.05.31"]
[SourceQuality "1"]

1. e4 e6 2. Nf3 d5 3. e5 c5 4. c3 Nc6 5. d4 Qb6 6. Be3 Qxb2 7. Nbd2 Qxc3 8. Rc1 Qa5 9. Qb3 c4 10. Qb1 Nge7 11. Ng5 Nf5 12. Be2 Be7 13. 0-0 Ncxd4 14. Ndf3 Nxe2+ 15. Kh1 Nxc1 16. Bxc1 Qb4 17. Qc2 Bd7 18. g4 Bxg5 19. Nxg5 Nd4 20. Qd1 Ba4 21. Qxd4 h6 22. Nf3 Qb5 23. Ba3 Qc6 24. Nd2 a5 25. Rb1 b5 26. Bc5 Rc8 27. Bd6 c3 28. Qa7 Qd7 29. Qxa5 cxd2 30. Qxd2 Qc6 31. Kg2 Qc2 32. Qe1 Rc4 33. h3 Qe4+ 34. Qxe4 Rxe4 35. Rc1 Rc4 36. Rb1 Kd7 37. Kg3 Rhc8 38. f4 Rc3+ 39. Kh4 0-1

[Event "Barcelona Sant Marti op 10th"]
[Site "Barcelona"]
[Date "2023.02.09"]
[Round "5"]
[White "Martimpe Burgues, Xavier"]
[Black "Vicente Perales, Manel"]
[Result "0-1"]
[WhiteElo "1113"]
[BlackElo "1305"]
[PlyCount "82"]
[EventDate "2023.01.12"]
[EventType "swiss"]
[EventRounds "9"]
[EventCountry "ESP"]
[SourceTitle "CBM 213 Extra"]
[Source "ChessBase"]
[SourceDate "2023.05.31"]
[SourceVersion "1"]
[SourceVersionDate "2023.05.31"]
[SourceQuality "1"]

1. e4 e6 2. d4 d5 3. e5 c5 4. Nf3 Qb6 5. b3 Nc6 6. dxc5 Bxc5 7. Qe2 Bd7 8. Be3 Bxe3 9. Qxe3 Qxe3+ 10. fxe3 Nb4 11. Bd3 Ne7 12. 0-0 Rc8 13. Na3 0-0 14. Ng5 Nxd3 15. cxd3 Nf5 16. Rf3 h6 17. Nh3 Rc3 18. e4 dxe4 19. dxe4 Rxf3 20. gxf3 Nd4 21. Rd1 Nxf3+ 22. Kf2 Nxe5 23. Nf4 Bc6 24. Rd4 Rc8 25. Ne2 Kf8 26. Nc4 Nxc4 27. Rxc4 e5 28. b4 Rd8 29. Ng3 Rd2+ 30. Kg1 Rxa2 31. Rc5 f6 32. b5 Ra5 33. Rc1 Rxb5 34. Nf5 Rb4 35. Nd6 a6 36. h4 a5 37. Rd1 Rd4 38. Rxd4 exd4 39. Kf2 a4 40. e5 fxe5 41. Nc4 b5 0-1

[Event "Barcelona Sant Marti op 10th"]
[Site "Barcelona"]
[Date "2023.02.02"]
[Round "4"]
[White "Vicente Perales, Manel"]
[Black "Cuevas Baquero, Daniel"]
[Result "0-1"]
[WhiteElo "1305"]
[BlackElo "1398"]
[PlyCount "70"]
[EventDate "2023.01.12"]
[EventType "swiss"]
[EventRounds "9"]
[EventCountry "ESP"]
[SourceTitle "CBM 213 Extra"]
[Source "ChessBase"]
[SourceDate "2023.05.31"]
[SourceVersion "1"]
[SourceVersionDate "2023.05.31"]
[SourceQuality "1"]

1. Nf3 Nf6 2. b3 d5 3. Bb2 g6 4. g3 Bg7 5. Bg2 0-0 6. 0-0 c5 7. e3 Nc6 8. d4 cxd4 9. exd4 Bf5 10. a3 Rc8 11. Nbd2 Ne4 12. Nh4 Nxd4 13. Nxe4 dxe4 14. c4 Nf3+ 15. Bxf3 Qxd1 16. Raxd1 Bxb2 17. Nxf5 gxf5 18. Bh5 Rfd8 19. a4 Rd3 20. Rxd3 exd3 21. Rd1 Rd8 22. Bf3 b6 23. Bg2 d2 24. Kf1 Bc1 25. b4 Rd4 26. c5 Rxb4 27. c6 Rc4 28. Ke2 e5 29. Bh3 Rxc6 30. Bxf5 Rd6 31. Bc2 Kf8 32. Bxh7 Rh6 33. Bc2 Rxh2 34. Rf1 Ke7 35. Ke3 d1Q+ 0-1

[Event "Barcelona Sant Marti op-B 22nd"]
[Site "Barcelona"]
[Date "2022.07.13"]
[Round "1"]
[White "Vicente Perales, Manel"]
[Black "Vigier Lopez, Carlos"]
[Result "0-1"]
[WhiteElo "1333"]
[BlackElo "1722"]
[PlyCount "122"]
[EventDate "2022.07.13"]
[EventType "swiss"]
[EventRounds "9"]
[EventCountry "ESP"]
[SourceTitle "CBM 210 Extra"]
[Source "ChessBase"]
[SourceDate "2022.11.30"]
[SourceVersion "1"]
[SourceVersionDate "2022.11.30"]
[SourceQuality "1"]

1. Nf3 d5 2. b3 Nf6 3. Bb2 Bf5 4. d4 e6 5. g3 c5 6. e3 Nc6 7. a3 Be7 8. Bg2 0-0 9. 0-0 Qb6 10. Nbd2 c4 11. Qc1 cxb3 12. cxb3 Rac8 13. Qd1 Na5 14. Rc1 Rxc1 15. Bxc1 Rc8 16. b4 Nc4 17. Nb3 Nxa3 18. Bxa3 Bc2 19. Qc1 Bxb4 20. Bxb4 Qxb4 21. Na1 Qc3 22. Qxc2 Qxc2 23. Nxc2 Rxc2 24. Rb1 b6 25. Ne5 Kf8 26. h3 Ke7 27. Kf1 h5 28. Bf3 Ne4 29. Bxe4 dxe4 30. f3 f6 31. Ng6+ Kf7 32. Nh4 g5 33. fxe4 gxh4 34. gxh4 Rh2 35. Kg1 Rxh3 36. Rc1 Rxe3 37. Rc7+ Kg6 38. d5 Rxe4 39. d6 Rd4 40. d7 a5 41. Kf2 a4 42. Ke3 e5 43. Rb7 a3 44. Rxb6 Rxd7 45. Ra6 Rd4 46. Rxa3 Rxh4 47. Ra2 Kg5 48. Rg2+ Rg4 49. Rf2 f5 50. Rf1 Rg3+ 51. Kf2 f4 52. Re1 Re3 53. Rg1+ Rg3 54. Re1 Kf5 55. Rh1 Rg5 56. Ke2 e4 57. Kf2 e3+ 58. Kf3 Rg3+ 59. Ke2 Kg4 60. Rf1 Rg2+ 61. Kd3 e2 0-1

[Event "Foment Martinenc op-C 22nd"]
[Site "Barcelona"]
[Date "2022.06.04"]
[Round "7"]
[White "Vilarasau Garrido, Joan"]
[Black "Vicente Perales, Manel"]
[Result "1-0"]
[WhiteElo "1400"]
[BlackElo "1654"]
[PlyCount "95"]
[EventDate "2022.04.23"]
[EventType "swiss"]
[EventRounds "9"]
[EventCountry "ESP"]
[SourceTitle "EXT 2023"]
[Source "ChessBase"]
[SourceDate "2022.10.05"]
[SourceVersion "1"]
[SourceVersionDate "2022.10.05"]
[SourceQuality "1"]

1. e4 e6 2. d4 d5 3. exd5 exd5 4. Nc3 Nf6 5. Nf3 Be7 6. Bd3 Nbd7 7. 0-0 0-0 8. Bg5 b6 9. Re1 Bb7 10. Qd2 Re8 11. Bh6 Bf8 12. Bg5 Qc8 13. Bf5 Qb8 14. Rxe8 Qxe8 15. Re1 Qb8 16. Ne5 Nxe5 17. dxe5 Ne8 18. e6 fxe6 19. Bxe6+ Kh8 20. Qf4 Nd6 21. Nxd5 a5 22. Qf7 Nxf7 23. Bxf7 Bxd5 24. Bxd5 Qe8 25. Re3 Qxe3 26. Bxe3 Rd8 27. Bf3 Kg8 28. g3 h6 29. Bf4 Bd6 30. Bd5+ Kf8 31. Be3 Be5 32. c4 Bxb2 33. Bf4 Rd7 34. Bc6 Re7 35. c5 Be5 36. Be3 Bc3 37. cxb6 cxb6 38. Bxb6 Re1+ 39. Kg2 Ra1 40. Bc5+ Kg8 41. Bd5+ Kh7 42. Be4+ Kg8 43. Bd5+ Kh7 44. Be4+ Kh8 45. Bd5 Rd1 46. Bb3 Bb4 47. Bxb4 axb4 48. Bxd1 1-0

[Event "Foment Martinenc op-C 22nd"]
[Site "Barcelona"]
[Date "2022.05.07"]
[Round "3"]
[White "Vicente Perales, Manel"]
[Black "Berbel Gutierrez, Jose Guillermo"]
[Result "1/2-1/2"]
[WhiteElo "1654"]
[BlackElo "1791"]
[PlyCount "72"]
[EventDate "2022.04.23"]
[EventType "swiss"]
[EventRounds "9"]
[EventCountry "ESP"]
[SourceTitle "EXT 2023"]
[Source "ChessBase"]
[SourceDate "2022.10.05"]
[SourceVersion "1"]
[SourceVersionDate "2022.10.05"]
[SourceQuality "1"]

1. d4 Nf6 2. Nf3 g6 3. b3 Bg7 4. Bb2 d5 5. g3 0-0 6. Bg2 c5 7. e3 b6 8. 0-0 Bb7 9. Nbd2 Nbd7 10. Rc1 Ne4 11. Nxe4 dxe4 12. Nd2 Nf6 13. dxc5 bxc5 14. Bxf6 Bxf6 15. Nxe4 Qb6 16. Nxf6+ exf6 17. Bxb7 Qxb7 18. Qd6 Kg7 19. Qxc5 Rac8 20. Qa3 Rc3 21. Rfd1 Rfc8 22. Qb2 Qb5 23. Rd3 Rxd3 24. cxd3 Rxc1+ 25. Qxc1 Qxd3 26. Kg2 Qe4+ 27. f3 Qd3 28. Qe1 h5 29. Qf2 a5 30. e4 Kh6 31. Qb2 Kg7 32. a4 Qe3 33. b4 axb4 34. a5 Qc3 35. Qb1 b3 36. a6 Qc2+ 1/2-1/2

[Event "Foment Martinenc op-C 21st"]
[Site "Barcelona"]
[Date "2019.06.01"]
[Round "6"]
[White "Vicente Perales, Manel"]
[Black "Gias Ramon, Jose Luis"]
[Result "1/2-1/2"]
[WhiteElo "1636"]
[BlackElo "1750"]
[PlyCount "77"]
[EventDate "2019.04.27"]
[EventType "swiss"]
[EventRounds "9"]
[EventCountry "ESP"]
[SourceTitle "EXT 2020"]
[Source "ChessBase"]
[SourceDate "2019.10.17"]
[SourceVersion "1"]
[SourceVersionDate "2019.10.17"]
[SourceQuality "1"]

1. d4 Nf6 2. Nf3 d5 3. e3 g6 4. c4 c6 5. Nc3 Bg7 6. Bd3 0-0 7. 0-0 Nbd7 8. b3 a6 9. Bb2 b5 10. cxd5 cxd5 11. Rc1 Bb7 12. Be2 Rc8 13. Qd2 Nb6 14. Ne5 Nfd7 15. Nxd7 Qxd7 16. Bf3 b4 17. Ne2 a5 18. Rxc8 Rxc8 19. Rc1 Ba6 20. Rxc8+ Nxc8 21. Qc1 e6 22. Ng3 Ne7 23. Qc5 Qd8 24. a3 Bf8 25. Qc1 Qc8 26. axb4 Qxc1+ 27. Bxc1 axb4 28. Bd2 Nc6 29. Bd1 Na5 30. Nf1 Bd3 31. Be1 Bxf1 32. Kxf1 Bd6 33. h3 f5 34. f4 Kf7 35. Bh4 Be7 36. Be1 h6 37. h4 Kf6 38. Ke2 g5 39. g3 1/2-1/2

[Event "Foment Martinenc op-C 21st"]
[Site "Barcelona"]
[Date "2019.05.18"]
[Round "4"]
[White "Vicente Perales, Manel"]
[Black "Gracia Poch, Frederic"]
[Result "1-0"]
[WhiteElo "1636"]
[BlackElo "1656"]
[PlyCount "115"]
[EventDate "2019.04.27"]
[EventType "swiss"]
[EventRounds "9"]
[EventCountry "ESP"]
[SourceTitle "EXT 2020"]
[Source "ChessBase"]
[SourceDate "2019.10.17"]
[SourceVersion "1"]
[SourceVersionDate "2019.10.17"]
[SourceQuality "1"]

1. d4 Nf6 2. Nf3 e6 3. e3 d5 4. Bd3 Be7 5. b3 Nbd7 6. Bb2 0-0 7. 0-0 b6 8. Nbd2 Bb7 9. Ne5 Rc8 10. Rc1 h6 11. f4 Nh7 12. c4 f6 13. Ng6 Rf7 14. Qc2 f5 15. cxd5 Bxd5 16. Ba6 Ra8 17. Qxc7 Nhf6 18. Qxd8+ Bxd8 19. Rc8 Kh7 20. Rxa8 Bxa8 21. Ne5 Nxe5 22. fxe5 Ng4 23. Nc4 Bg5 24. Bc1 Rc7 25. h3 Rxc4 26. Bxc4 Nxe3 27. Bxe3 Bxe3+ 28. Kh1 Bxd4 29. Bxe6 g6 30. Re1 Be4 31. Rd1 Bxe5 32. Rd7+ Kh8 33. Rxa7 Bd4 34. Rd7 Bc5 35. Bd5 Bb1 36. a4 g5 37. Bc4 Bc2 38. Rd2 Bb1 39. Bd3 Bxd3 40. Rxd3 Kg7 41. Kh2 Kg6 42. Rd5 Kf6 43. Rxc5 bxc5 44. a5 Kg6 45. a6 Kh5 46. a7 g4 47. hxg4+ fxg4 48. a8Q Kh4 49. g3+ Kh5 50. Qe8+ Kg5 51. Kg2 h5 52. Qe5+ Kg6 53. Kf2 Kh6 54. Ke3 Kg6 55. Kf4 Kh6 56. Qg5+ Kh7 57. Kf5 h4 58. Kf6 1-0

[Event "Barcelona Sant Marti op 8th"]
[Site "Barcelona"]
[Date "2019.02.28"]
[Round "7"]
[White "Vicente Perales, Manel"]
[Black "Perez Parra, Agusti"]
[Result "1/2-1/2"]
[WhiteElo "1363"]
[BlackElo "1700"]
[PlyCount "55"]
[EventDate "2019.01.17"]
[EventType "swiss"]
[EventRounds "9"]
[EventCountry "ESP"]
[SourceTitle "CBM 189 Extra"]
[Source "ChessBase"]
[SourceDate "2019.06.03"]
[SourceVersion "1"]
[SourceVersionDate "2019.06.03"]
[SourceQuality "1"]

1. d4 d5 2. Nf3 b6 3. e3 a6 4. Bd3 Nf6 5. b3 Ne4 6. Bb2 Bf5 7. Nbd2 e6 8. a3 Bd6 9. c4 0-0 10. 0-0 c6 11. Nxe4 dxe4 12. Bc2 exf3 13. Bxf5 fxg2 14. Bxh7+ Kh8 15. Re1 Kxh7 16. Qh5+ Kg8 17. e4 g6 18. Qh6 Nd7 19. Re3 Nf6 20. d5 e5 21. Rh3 Nh5 22. Re1 Qf6 23. Ree3 Qf4 24. Rxh5 gxh5 25. Rg3+ Qxg3 26. hxg3 f6 27. Qg6+ Kh8 28. Qh6+ 1/2-1/2

[Event "Roncana op-B 12th"]
[Site "Santa Eulalia de Roncana"]
[Date "2018.09.29"]
[Round "1"]
[White "Vicente Perales, Manel"]
[Black "Lobo Pereira, Arami"]
[Result "0-1"]
[WhiteElo "1376"]
[BlackElo "1681"]
[PlyCount "42"]
[EventDate "2018.09.29"]
[EventType "swiss"]
[EventRounds "8"]
[EventCountry "ESP"]
[SourceTitle "EXT 2020"]
[Source "ChessBase"]
[SourceDate "2019.10.17"]
[SourceVersion "1"]
[SourceVersionDate "2019.10.17"]
[SourceQuality "1"]

1. d4 Nf6 2. Nf3 g6 3. e3 Bg7 4. b3 d5 5. Bb2 0-0 6. Be2 c5 7. 0-0 Nc6 8. c4 b6 9. Nc3 cxd4 10. Nxd4 Nxd4 11. exd4 Bb7 12. Bf3 Rb8 13. Re1 e6 14. Qd2 Qd7 15. Rad1 Rfd8 16. cxd5 Nxd5 17. Nxd5 Bxd5 18. Bxd5 Qxd5 19. Ba1 e5 20. dxe5 Qxd2 21. Rxd2 Rxd2 0-1

[Event "Barcelona La Lira op 36th"]
[Site "Barcelona"]
[Date "2018.03.09"]
[Round "8.19"]
[White "Martin Arranz, Lluis"]
[Black "Vicente Perales, Manel"]
[Result "1-0"]
[WhiteElo "1649"]
[BlackElo "1406"]
[PlyCount "57"]
[EventDate "2018.01.19"]
[EventType "swiss"]
[EventRounds "8"]
[EventCountry "ESP"]
[SourceTitle "EXT 2024"]
[Source "ChessBase"]
[SourceDate "2023.10.10"]
[SourceVersion "1"]
[SourceVersionDate "2023.10.10"]
[SourceQuality "1"]

1. e4 e6 2. d4 d5 3. Nc3 dxe4 4. Nxe4 Nd7 5. Nf3 Ngf6 6. Nxf6+ Nxf6 7. Bd3 Be7 8. 0-0 b6 9. Bf4 Bb7 10. c3 0-0 11. Qe2 h6 12. Ne5 Qd5 13. Nf3 Qd8 14. Rfe1 Bd6 15. Be5 Bxf3 16. Qxf3 Bxe5 17. Rxe5 Nd7 18. Rh5 Re8 19. Qg3 Qf6 20. Qxc7 Nf8 21. Qg3 Re7 22. Re1 Ng6 23. Bxg6 fxg6 24. Rhe5 g5 25. h3 Rf8 26. d5 Ref7 27. dxe6 Qxf2+ 28. Qxf2 Rxf2 29. e7 1-0

[Event "Barcelona La Lira op 36th"]
[Site "Barcelona"]
[Date "2018.02.16"]
[Round "5.17"]
[White "Montalban Colell, Bernat"]
[Black "Vicente Perales, Manel"]
[Result "1-0"]
[WhiteElo "1801"]
[BlackElo "1406"]
[PlyCount "73"]
[EventDate "2018.01.19"]
[EventType "swiss"]
[EventRounds "8"]
[EventCountry "ESP"]
[SourceTitle "EXT 2024"]
[Source "ChessBase"]
[SourceDate "2023.10.10"]
[SourceVersion "1"]
[SourceVersionDate "2023.10.10"]
[SourceQuality "1"]

1. Nf3 d5 2. g3 Nf6 3. Bg2 e6 4. 0-0 b6 5. d3 Bb7 6. Nbd2 Nbd7 7. c4 Be7 8. b3 0-0 9. Bb2 h6 10. Rc1 c5 11. e3 Rc8 12. Qe2 Re8 13. Rfd1 Bf8 14. d4 Qe7 15. cxd5 exd5 16. dxc5 bxc5 17. Nh4 Qe6 18. Qb5 Qc6 19. Qd3 Qe6 20. Nhf3 Rc7 21. Nd4 Qb6 22. Nf5 Ne5 23. Qb1 Ba6 24. Nf3 Nxf3+ 25. Bxf3 Bb7 26. Bxf6 Qxf6 27. Bxd5 Bxd5 28. Rxd5 Rb8 29. Qd3 Qb2 30. Rc2 Qb1+ 31. Kg2 Rbc8 32. Qc4 a5 33. Rcd2 g6 34. Nd6 Bxd6 35. Rxd6 Qf5 36. R2d5 Qb1 37. Qh4 1-0

[Event "Barcelona La Lira op 36th"]
[Site "Barcelona"]
[Date "2018.02.02"]
[Round "3.21"]
[White "Martin Salguero, David"]
[Black "Vicente Perales, Manel"]
[Result "1/2-1/2"]
[WhiteElo "1788"]
[BlackElo "1406"]
[PlyCount "125"]
[EventDate "2018.01.19"]
[EventType "swiss"]
[EventRounds "8"]
[EventCountry "ESP"]
[SourceTitle "EXT 2024"]
[Source "ChessBase"]
[SourceDate "2023.10.10"]
[SourceVersion "1"]
[SourceVersionDate "2023.10.10"]
[SourceQuality "1"]

1. e4 e6 2. Nf3 d5 3. exd5 exd5 4. d4 Nf6 5. c4 c6 6. Nc3 Be7 7. Be2 Bf5 8. 0-0 0-0 9. cxd5 cxd5 10. Qb3 b6 11. Bf4 Nc6 12. Rac1 Bg4 13. Rfe1 Bxf3 14. Bxf3 Nxd4 15. Qd1 Nxf3+ 16. Qxf3 d4 17. Red1 Bc5 18. Nb5 Qd5 19. Nxd4 Qxf3 20. Nxf3 Rfe8 21. a3 Re2 22. b4 Bxf2+ 23. Kf1 Ra2 24. Nd2 Bd4 25. Nf3 Bb2 26. Rc2 Ra1 27. Ke2 Rxd1 28. Kxd1 Bxa3 29. Bd6 Rd8 30. Ke2 Re8+ 31. Kf1 h6 32. Ra2 Re3 33. Ne5 Bxb4 34. Bxb4 Rxe5 35. Rxa7 Rb5 36. Be7 Rb1+ 37. Ke2 Nd5 38. Bd8 b5 39. Ra8 Kh7 40. Kd3 Nf4+ 41. Kc2 Re1 42. Bc7 Nxg2 43. Rb8 b4 44. Ba5 Nf4 45. Rxb4 Rf1 46. h4 g5 47. hxg5 hxg5 48. Bd8 g4 49. Bg5 Ne6 50. Rxg4 Nxg5 51. Rxg5 Kh6 52. Rg2 Kh5 53. Kd2 Rf6 54. Ke3 Re6+ 55. Kf4 Re1 56. Kf5 Rf1+ 57. Ke5 f5 58. Rg8 f4 59. Ke4 Kh4 60. Rh8+ Kg4 61. Rg8+ Kh5 62. Rh8+ Kg4 63. Rg8+ 1/2-1/2

[Event "Mollet del Valles op 4th"]
[Site "Mollet del Valles"]
[Date "2016.11.04"]
[Round "6"]
[White "Almenta Palomo, Antonio"]
[Black "Vicente Perales, Manel"]
[Result "1/2-1/2"]
[WhiteElo "1586"]
[BlackElo "1345"]
[PlyCount "109"]
[EventDate "2016.09.30"]
[EventType "swiss"]
[EventRounds "9"]
[EventCountry "ESP"]
[SourceTitle "EXT 2018"]
[Source "ChessBase"]
[SourceDate "2017.10.13"]
[SourceVersion "1"]
[SourceVersionDate "2017.10.13"]
[SourceQuality "1"]

1. g3 d5 2. Bg2 e5 3. d3 Nf6 4. Nf3 Bd6 5. b3 Nc6 6. Bb2 Be6 7. 0-0 0-0 8. h3 Qd7 9. Kh2 Rae8 10. e3 Qe7 11. Re1 Qd7 12. c4 dxc4 13. dxc4 b6 14. a3 Bf5 15. Nc3 Ne4 16. Nd5 Nxf2 17. Qe2 Nd3 18. Rf1 Nxb2 19. Qxb2 Bg6 20. Rad1 Nd8 21. b4 c6 22. Nxb6 axb6 23. c5 bxc5 24. bxc5 Qb7 25. Qxb7 Nxb7 26. cxd6 Rd8 27. Nxe5 Rxd6 28. Rxd6 Nxd6 29. Rc1 Re8 30. Rxc6 Rxe5 31. Rxd6 h6 32. Rd8+ Kh7 33. Rd5 Rxe3 34. a4 Re7 35. Rd4 Ra7 36. h4 h5 37. Rf4 f6 38. Kh3 Be8 39. Be4+ Kh6 40. g4 hxg4+ 41. Kxg4 Rxa4 42. Kg3 Ra3+ 43. Bf3 Bh5 44. Kf2 Rxf3+ 45. Rxf3 Bxf3 46. Kxf3 Kh5 47. Kg3 g6 48. Kh3 f5 49. Kg3 g5 50. hxg5 Kxg5 51. Kf3 f4 52. Kg2 Kg4 53. Kf2 f3 54. Kf1 Kg3 55. Kg1 1/2-1/2

[Event "Mollet del Valles op 4th"]
[Site "Mollet del Valles"]
[Date "2016.10.28"]
[Round "5"]
[White "Roquet Estrada, Albert"]
[Black "Vicente Perales, Manel"]
[Result "1-0"]
[WhiteElo "1632"]
[BlackElo "1345"]
[PlyCount "71"]
[EventDate "2016.09.30"]
[EventType "swiss"]
[EventRounds "9"]
[EventCountry "ESP"]
[SourceTitle "EXT 2018"]
[Source "ChessBase"]
[SourceDate "2017.10.13"]
[SourceVersion "1"]
[SourceVersionDate "2017.10.13"]
[SourceQuality "1"]

1. e4 e6 2. d4 d5 3. Nc3 dxe4 4. Nxe4 Nd7 5. Nf3 Ngf6 6. Nxf6+ Nxf6 7. Bg5 Be7 8. Bd3 b6 9. Bxf6 Bxf6 10. Be4 Rb8 11. Ne5 Bxe5 12. dxe5 Qxd1+ 13. Rxd1 0-0 14. 0-0 Ba6 15. Rfe1 Rfd8 16. f4 Bc4 17. Kf2 c5 18. Ke3 h6 19. b3 Bd5 20. c4 Bxe4 21. Kxe4 Kf8 22. Rd6 Ke7 23. Red1 Rxd6 24. Rxd6 Rd8 25. Rxd8 Kxd8 26. g4 Ke7 27. f5 f6 28. h4 Kd7 29. a3 a5 30. Kf4 Ke7 31. g5 fxe5+ 32. Kxe5 exf5 33. Kxf5 Kf7 34. gxh6 gxh6 35. h5 Kg7 36. Ke6 1-0

[Event "Roncana op-B 10th"]
[Site "Santa Eulalia de Roncana"]
[Date "2016.10.08"]
[Round "3"]
[White "Krasic Moreno, Nikola"]
[Black "Vicente Perales, Manel"]
[Result "1/2-1/2"]
[WhiteElo "1715"]
[BlackElo "1345"]
[PlyCount "86"]
[EventDate "2016.09.24"]
[EventType "swiss"]
[EventRounds "8"]
[EventCountry "ESP"]
[SourceTitle "EXT 2018"]
[Source "ChessBase"]
[SourceDate "2017.10.13"]
[SourceVersion "1"]
[SourceVersionDate "2017.10.13"]
[SourceQuality "1"]

1. e4 e6 2. d4 d5 3. e5 c5 4. c3 Qb6 5. Nf3 Nc6 6. Bd3 Bd7 7. 0-0 cxd4 8. cxd4 Nxd4 9. b3 Nxf3+ 10. Qxf3 Ne7 11. Bb2 Nc6 12. Na3 a6 13. Rac1 Bc5 14. Qg3 0-0 15. Nb1 Nb4 16. a4 Rac8 17. Be2 Nc6 18. Bf3 Bd4 19. Bxd4 Nxd4 20. Rxc8 Rxc8 21. Qh4 Nxf3+ 22. gxf3 Qd8 23. Qxd8+ Rxd8 24. f4 Rc8 25. Nd2 h6 26. Nf3 Rc3 27. Nd4 Rd3 28. Ne2 Rxb3 29. Ng3 d4 30. f3 d3 31. Ne4 Bc6 32. Nc5 Rc3 33. Ne4 Bxe4 34. fxe4 d2 35. Kf2 Rc1 36. Rxc1 dxc1Q 37. h4 Qxf4+ 38. Kg1 b5 39. axb5 axb5 40. Kh1 g5 41. h5 Qf3+ 42. Kh2 g4 43. Kg1 g3 1/2-1/2

[Event "Mollet del Valles op 4th"]
[Site "Mollet del Valles"]
[Date "2016.10.07"]
[Round "2"]
[White "Flores Munoz, Daniel"]
[Black "Vicente Perales, Manel"]
[Result "1-0"]
[WhiteElo "1720"]
[BlackElo "1345"]
[PlyCount "89"]
[EventDate "2016.09.30"]
[EventType "swiss"]
[EventRounds "9"]
[EventCountry "ESP"]
[SourceTitle "EXT 2018"]
[Source "ChessBase"]
[SourceDate "2017.10.13"]
[SourceVersion "1"]
[SourceVersionDate "2017.10.13"]
[SourceQuality "1"]

1. e4 e6 2. d4 d5 3. Nc3 dxe4 4. Nxe4 Nf6 5. Bg5 Be7 6. Bxf6 Bxf6 7. c3 0-0 8. Bd3 Nd7 9. Nf3 Re8 10. 0-0 b6 11. Qc2 Bb7 12. Rfe1 e5 13. dxe5 Nxe5 14. Nxe5 Rxe5 15. Nxf6+ Qxf6 16. Rxe5 Qxe5 17. Bxh7+ Kf8 18. Bd3 Re8 19. h3 Qg5 20. Bf1 g6 21. Rd1 Bc6 22. Qd3 a5 23. Qd4 Kg8 24. Qc4 Qf6 25. Qd4 Qg5 26. Kh2 Qe5+ 27. Qxe5 Rxe5 28. g3 Rd5 29. Rxd5 Bxd5 30. a3 Kg7 31. g4 g5 32. Kg3 f6 33. Bd3 Bb3 34. h4 gxh4+ 35. Kxh4 Kh6 36. f4 Bf7 37. g5+ fxg5+ 38. fxg5+ Kg7 39. Kg4 Bg6 40. Bxg6 Kxg6 41. b4 axb4 42. axb4 b5 43. Kf4 c6 44. Kg4 Kg7 45. Kf5 1-0

[Event "Sant Adria de Besos op 12th"]
[Site "Sant Adria de Besos"]
[Date "2016.05.22"]
[Round "5"]
[White "Vicente Perales, Manel"]
[Black "Rodriguez Robert, Ricardo"]
[Result "1-0"]
[WhiteElo "1723"]
[BlackElo "1685"]
[PlyCount "81"]
[EventDate "2016.04.10"]
[EventType "swiss"]
[EventRounds "9"]
[EventCountry "ESP"]
[SourceTitle "EXT 2017"]
[Source "ChessBase"]
[SourceDate "2016.10.25"]
[SourceVersion "1"]
[SourceVersionDate "2016.10.25"]
[SourceQuality "1"]

1. d4 Nf6 2. Nf3 d5 3. e3 e6 4. b3 Bd6 5. Bd3 Nbd7 6. Bb2 0-0 7. 0-0 Re8 8. Ne5 Ne4 9. Nd2 f6 10. Nxd7 Qxd7 11. Nxe4 dxe4 12. Bxe4 f5 13. Bd3 b6 14. Qe2 Bb7 15. Bb5 c6 16. Bc4 b5 17. Bd3 c5 18. Bxb5 Qc7 19. f4 Rec8 20. Bc4 Kf7 21. Qh5+ Kf8 22. Bxe6 g6 23. Qh6+ Ke8 24. Bxc8 Rxc8 25. c4 cxd4 26. Bxd4 Qc6 27. Rf2 Bf8 28. Qh3 Qd7 29. Rd1 Bc5 30. Rfd2 Bb4 31. Bc3 Qe7 32. Bxb4 Qxb4 33. Qxh7 Qe7 34. Qg8+ Qf8 35. Qxf8+ Kxf8 36. Rd8+ Kg7 37. R8d7+ Kh6 38. Rxb7 Re8 39. Kf2 g5 40. Rd6+ Kh5 41. Rh7+ 1-0